Central Library OPAC University of Rajshahi

অনিশ্চিত লোকালয় / (Record no. 83784)

MARC details
000 -LEADER
fixed length control field 00725nam a2200217 a 4500
001 - CONTROL NUMBER
control field 83784
003 - CONTROL NUMBER IDENTIFIER
rucl marc code BD-RjUL
005 - DATE AND TIME OF LATEST TRANSACTION
control field 20240520125251.0
008 - FIXED-LENGTH DATA ELEMENTS--GENERAL INFORMATION
fixed length control field 240520s1973 bg ||||| |||| 00| 0 eng d
035 ## - SYSTEM CONTROL NUMBER
System control number (BD-RjUL)83784
040 ## - CATALOGING SOURCE
Original cataloging agency BD-RjUL
Language of cataloging eng
Transcribing agency BD-RjUL
041 ## - LANGUAGE CODE
Language code of text/sound track or separate title ben
082 ## - DEWEY DECIMAL CLASSIFICATION NUMBER
Edition number 23
Classification number 891.443
Author mark and year KHA 1973
100 ## - MAIN ENTRY--PERSONAL NAME
Personal name খান, রাহাত
9 (RLIN) 13087
245 ## - TITLE STATEMENT
Title অনিশ্চিত লোকালয় /
Statement of responsibility, etc. রাহাত খান
260 ## - PUBLICATION, DISTRIBUTION, ETC. (IMPRINT)
Place of publication, distribution, etc. ঢাকা :
Name of publisher, distributor, etc. বর্ণবীথি প্রকাশন,
Date of publication, distribution, etc. ১৯৭৩
300 ## - PHYSICAL DESCRIPTION
Pagination ১০৩ পৃ.;
Size ২২ সেমি.
650 ## - SUBJECT ADDED ENTRY--TOPICAL TERM
Topical term or geographic name as entry element বাংলা ছোট গল্প
9 (RLIN) 390
Topical term or geographic name as entry element Bengali short stories
9 (RLIN) 12937
942 ## - ADDED ENTRY ELEMENTS (KOHA)
Source of classification or shelving scheme Dewey Decimal Classification
Koha item type Books
Holdings
Lost status Source of classification or shelving scheme Damaged status Not for loan Collection code Permanent Location Current Location Shelving location Date acquired Total Checkouts Full call number Date last seen Copy number Koha item type Source of acquisition Cost, normal purchase price
  Dewey Decimal Classification   Not For Loan Fiction Central Library, University of Rajshahi Central Library, University of Rajshahi Reading Room 20/05/2024   B 891.443 KHA 1973 20/05/2024 C-1 Books    
  Dewey Decimal Classification     Fiction Central Library, University of Rajshahi Central Library, University of Rajshahi General Stacks 17/09/1973   B 891.443 KHA 1973 12/09/2024 C-2 Books Udoyon 5.50